000 00349nam a22001577a 4500
003 SGT
020 _a978-0-87289-981-0
082 _a614, U10N
100 _aNORRANDER, BARBARA
245 _aUNDERSTANDING PUBLIC OPTION
250 _a3RD
260 _aWASHINGTON
_bC Q PRESS
_c2010
300 _a296
650 _aPUBLIC HEALTH
942 _2ddc
_cBK
999 _c8376
_d8376